[Event "FRA-chT4 0506"]
[Site "Bretagne"]
[Date "2006.01.15"]
[Round "4"]
[White "Alvarez, Iannis"]
[Black "Rivalin, Patrick"]
[Result "1-0"]
[WhiteElo "1610"]
[BlackElo "1530"]
[PlyCount "128"]
[EventDate "2005.10.16"]
[EventType "team"]
[EventRounds "7"]
[EventCountry "FRA"]
[SourceTitle "EXT 2007"]
[Source "ChessBase"]
[SourceDate "2006.11.23"]
[SourceVersion "1"]
[SourceVersionDate "2006.11.23"]
[SourceQuality "1"]

1. d4 d5 2. Nc3 e6 3. e4 Bb4 4. a3 Bxc3+ 5. bxc3 dxe4 6. f3 exf3 7. Nxf3 Nf6 8. Bd3 Nc6 9. 0-0 b6 10. Bg5 Bb7 11. Bxf6 Qxf6 12. Bb5 0-0 13. Ne5 Qg5 14. Bxc6 Bxc6 15. Nxc6 Qe3+ 16. Kh1 Qxc3 17. Ne5 Rad8 18. Rf3 Qxd4 19. Qxd4 Rxd4 20. Rd3 Rxd3 21. Nxd3 Rd8 22. Re1 Rd6 23. Kg1 Rc6 24. Nb4 Rd6 25. Re2 a5 26. Nd3 f6 27. Kf2 Kf7 28. Ke1 Rd4 29. g3 Ra4 30. Re3 g5 31. Nb2 Rd4 32. Rc3 Rd7 33. Rd3 Rxd3 34. Nxd3 Kg6 35. Kf2 Kf5 36. Kf3 g4+ 37. Ke3 e5 38. Nf2 c5 39. Ne4 Ke6 40. c4 h6 41. Nc3 f5 42. Nd5 b5 43. Nc7+ Kf6 44. Nxb5 Kg5 45. Nd6 f4+ 46. Kf2 f3 47. Nf7+ Kf6 48. Nxh6 Kg5 49. Nf7+ Kf6 50. Nd6 Ke6 51. Ne4 Kf5 52. Nxc5 Kf6 53. Nd7+ Ke6 54. Nf8+ Kd6 55. Ng6 e4 56. Ke3 Kc5 57. Ne5 a4 58. Kxe4 f2 59. Nd3+ Kxc4 60. Nxf2 Kb3 61. Kd3 Kxa3 62. Kc3 Ka2 63. Kc2 a3 64. Nd3 Ka1 1-0

[Event "Morbihan-ch 0405"]
[Site "Arradon"]
[Date "2004.11.20"]
[Round "2"]
[White "Selo, Tony"]
[Black "Alvarez, Iannis"]
[Result "1-0"]
[WhiteElo "1570"]
[BlackElo "1260"]
[PlyCount "77"]
[EventDate "2004.10.10"]
[EventType "swiss"]
[EventRounds "7"]
[EventCountry "FRA"]
[SourceTitle "EXT 2007"]
[Source "ChessBase"]
[SourceDate "2006.11.23"]
[SourceVersion "1"]
[SourceVersionDate "2006.11.23"]
[SourceQuality "1"]

1. e4 c5 2. f4 Nc6 3. Nf3 e6 4. Nc3 g6 5. Bb5 Nge7 6. d3 Bg7 7. 0-0 0-0 8. Be3 b6 9. d4 cxd4 10. Nxd4 Nxd4 11. Bxd4 d5 12. Bxg7 Kxg7 13. Qd4+ Kg8 14. exd5 exd5 15. Ba4 Bd7 16. Bb3 Bc6 17. Rfe1 Nf5 18. Qd3 d4 19. Ne4 Bxe4 20. Rxe4 Re8 21. Rae1 Qd7 22. h3 Rxe4 23. Rxe4 Rd8 24. g4 Ne3 25. c3 Qc7 26. Rxd4 Rxd4 27. Qxd4 Qc5 28. Qxc5 bxc5 29. Kf2 c4 30. Kxe3 cxb3 31. axb3 Kf8 32. Kd4 Ke7 33. c4 Kd6 34. b4 a6 35. b3 f6 36. b5 axb5 37. cxb5 h6 38. f5 g5 39. b4 1-0

[Event "Fouesnant op 10th"]
[Site "Fouesnant"]
[Date "2004.10.23"]
[Round "1"]
[White "Alvarez, Iannis"]
[Black "Westrick, Erik"]
[Result "1-0"]
[WhiteElo "1260"]
[BlackElo "1600"]
[PlyCount "91"]
[EventDate "2004.10.23"]
[EventType "swiss"]
[EventRounds "9"]
[EventCountry "FRA"]
[SourceTitle "EXT 2007"]
[Source "ChessBase"]
[SourceDate "2006.11.23"]
[SourceVersion "1"]
[SourceVersionDate "2006.11.23"]
[SourceQuality "1"]

1. d4 Nf6 2. Nc3 e6 3. e4 c6 4. Nf3 Be7 5. d5 cxd5 6. exd5 0-0 7. d6 Nc6 8. dxe7 Qxe7 9. Bg5 h6 10. Bxf6 Qxf6 11. Be2 d5 12. 0-0 Rd8 13. Bb5 Ne7 14. Re1 a6 15. Bd3 Bd7 16. Ne5 Be8 17. Nf3 b5 18. a3 Rac8 19. Qd2 Bc6 20. Rad1 Bb7 21. Nd4 e5 22. Nb3 e4 23. Bf1 Nf5 24. Nd4 Nd6 25. h3 Qg6 26. Qf4 f5 27. Re3 Qf6 28. Rg3 Rd7 29. h4 Rf7 30. h5 Qe7 31. Rg6 Rf6 32. Qxh6 Rxg6 33. Qxg6 Qf6 34. Qxf6 gxf6 35. g3 Kf7 36. Be2 Rg8 37. Kh2 Rg5 38. Rg1 Ne8 39. f4 Rg8 40. Nxf5 Rh8 41. g4 Ke6 42. b4 Rh7 43. a4 Rc7 44. Rg3 bxa4 45. Nxa4 Rxc2 46. Nc5+ 1-0

[Event "Morbihan-ch 0304"]
[Site "Morbihan"]
[Date "2004.03.06"]
[Round "5"]
[White "Tonal, Jean Jacques"]
[Black "Alvarez, Iannis"]
[Result "1/2-1/2"]
[WhiteElo "1510"]
[BlackElo "1300"]
[PlyCount "120"]
[EventDate "2003.10.??"]
[EventType "swiss"]
[EventRounds "7"]
[EventCountry "FRA"]
[SourceTitle "EXT 2005"]
[Source "ChessBase"]
[SourceDate "2004.11.15"]
[SourceVersion "1"]
[SourceVersionDate "2004.11.15"]
[SourceQuality "1"]

1. f4 d5 2. e3 Nf6 3. Nf3 c5 4. Bb5+ Bd7 5. Bxd7+ Nbxd7 6. b3 e6 7. Bb2 Be7 8. 0-0 0-0 9. Qe2 Nb6 10. d3 Rc8 11. Nbd2 Qc7 12. Ne5 Rfd8 13. c4 d4 14. e4 Bd6 15. Ndf3 h6 16. Bc1 Nfd7 17. Nxd7 Nxd7 18. e5 Be7 19. Bd2 Nf8 20. Qf2 f6 21. Rae1 Nh7 22. h4 f5 23. Qg3 Qc6 24. Qg6 a6 25. Qh5 Rf8 26. Nh2 Qd7 27. Rf3 Qe8 28. Qxe8 Rcxe8 29. Rh3 b6 30. Re2 Rf7 31. Nf3 a5 32. a4 Rb8 33. Kf2 Nf8 34. Nh2 h5 35. Nf3 g6 36. Ng5 Bxg5 37. hxg5 Rh7 38. Kg3 Re8 39. Kf3 Kf7 40. Kf2 Nd7 41. Re1 Reh8 42. Reh1 Nb8 43. Kg3 Nc6 44. Kf3 Nb4 45. Ke2 Na2 46. Ra1 Nb4 47. Rhh1 Rc8 48. Rhc1 h4 49. Rh1 Rch8 50. Rh3 Nc2 51. Rc1 Nb4 52. Rch1 Kg7 53. Ra1 Nc6 54. Rah1 Nb4 55. Kd1 Kf7 56. Kc1 Kg7 57. Kb2 Kf7 58. Rc1 Rc8 59. Be1 Rch8 60. Bxb4 axb4 1/2-1/2

[Event "Morbihan-ch 0304"]
[Site "Morbihan"]
[Date "2004.01.10"]
[Round "4"]
[White "Alvarez, Iannis"]
[Black "Georget, Patrice"]
[Result "0-1"]
[WhiteElo "1300"]
[BlackElo "1540"]
[PlyCount "116"]
[EventDate "2003.10.??"]
[EventType "swiss"]
[EventRounds "7"]
[EventCountry "FRA"]
[SourceTitle "EXT 2005"]
[Source "ChessBase"]
[SourceDate "2004.11.15"]
[SourceVersion "1"]
[SourceVersionDate "2004.11.15"]
[SourceQuality "1"]

1. d4 Nf6 2. c4 g6 3. Nc3 d6 4. Bg5 Bg7 5. Nf3 0-0 6. e3 Nbd7 7. Be2 Re8 8. 0-0 c5 9. d5 Ng4 10. h3 Nge5 11. Nxe5 Nxe5 12. Bf4 Bd7 13. Bxe5 Bxe5 14. Bg4 f5 15. Be2 a6 16. e4 Bxc3 17. bxc3 fxe4 18. Bg4 Qc8 19. Bxd7 Qxd7 20. Qe2 Qf5 21. Rae1 Rab8 22. a4 e5 23. Qxe4 Qxe4 24. Rxe4 Rf8 25. Rb1 Rf7 26. Rb6 Rd8 27. a5 Rdd7 28. f3 Rf6 29. Kf2 Rdf7 30. Ke3 Kf8 31. Rb2 Ke8 32. Kf2 Kd8 33. Ke2 Kc8 34. Rb3 g5 35. Rg4 h6 36. h4 Rf4 37. Rxf4 Rxf4 38. hxg5 hxg5 39. Kd3 g4 40. fxg4 Rxg4 41. Ke3 Rxg2 42. Kf3 Ra2 43. Rb6 Kc7 44. Rb3 Rxa5 45. Ke4 Ra1 46. Kf5 Rf1+ 47. Ke6 Rf4 48. Rb2 Rxc4 49. Rf2 Rf4 50. Rg2 Kb6 51. Rb2+ Kc7 52. Rg2 e4 53. Rg7+ Kb6 54. Kxd6 e3 55. Ke5 e2 56. Rg6+ Kb5 57. Kxf4 e1Q 58. d6 Kc6 0-1